000 01200nam a2200229Ia 4500
001 L808-31059
003 IT-CnALBA
008 170116s9999||||xx |||||||||||||| ||und||
040 _aIT-CnALBA
_cIT-CnALBA
041 _aFRANCESE
100 _aLAGERLOF SELMA
245 0 _aLES LIENS INVISIBLES. NOUVELLES.
250 _a22a ed.
260 _a PARIS.
_bPERRIN LIBRAIRIE ACADEMIQUE
_c1920 [1° Ed.:1916]
300 _a346 p.
500 _aTRADUZIONE DALLO SVEDESE IN FRANCESE DI ANDRÈ BELLESSORT, NOBEL 1909. LEGGENDE E FANTASIE: ASTRID. SIGFRID. LA PRINCIPESSA DELLA PACE. I PROSCRITTI. A NAZARETH. IL NIDO DELLE PASTORELLE. LA VISIONE DELL'IMPERATORE. GESÙ E SAN PIETRO. REALTÀ: IL TESORO DEL
501 _aSocietà San Paolo EM - Piazza San Paolo, 14 - 12051 ALBA (CN) (non commercial uses only) ® Copyright 2017
520 _aTRADUZIONE DALLO SVEDESE IN FRANCESE DI ANDRÈ BELLESSORT, NOBEL 1909. LEGGENDE E FANTASIE: ASTRID. SIGFRID. LA PRINCIPESSA DELLA PACE. I PROSCRITTI. A NAZARETH. IL NIDO DELLE PASTORELLE. LA VISIONE DELL'IMPERATORE. GESÙ E SAN PIETRO. REALTÀ: IL TESORO DEL
650 _aNARRATIVA DI VARIE LETTERATURE - ROMANZI
942 _cBK
957 _71
999 _a35833
_bSI
_g Copie: 1
_c289899
_d289899